Sborník skladeb pro dechové orchestry 1985

Další autoři: Studnička, Vladimír, 1935-, Staněk, Pavel, 1927-2025, Baier, Jiří, 1934-
Jazyk: Nelze použít, není lingvistický obsah
Vydáno: Praha : Ústav pro kulturně výchovnou činnost, 1985
Edice: Edice dechové hudby
Fyzický popis: 1 partitura (17, 43, 9 s.) + hlasy
Hudebniny Hudebniny
Uloženo v:
LEADER 01077ncm a22002652a 4500
001 001213169
003 CZ BrMZK
005 20120516141742.0
007 qu
008 010907s1985 xr f zxx d
040 |a BOA001  |b cze 
072 7 |a 785  |x Instrumentální hudba. Symfonická hudba. Hudba pro více nástrojů  |2 Konspekt  |9 9 
245 0 0 |a Sborník skladeb pro dechové orchestry 1985  |h [hudebnina] 
260 |a Praha :  |b Ústav pro kulturně výchovnou činnost,  |c 1985 
300 |a 1 partitura (17, 43, 9 s.) + hlasy 
490 1 |a Edice dechové hudby ;  |v sv. 33 
505 0 0 |t Cikánská romance /  |r Pavel Staněk --  |t Rej /  |r Vladimír Studnička --  |t Okolo Třeboně /  |r Jiří Baier 
700 1 |a Studnička, Vladimír,  |d 1935-  |7 ola200200034  |4 cmp 
700 1 |a Staněk, Pavel,  |d 1927-2025  |7 jn19990209792  |4 cmp 
700 1 |a Baier, Jiří,  |d 1934-  |7 jx20031217001  |4 cmp 
830 0 |a Edice dechové hudby 
910 |a BOA001  |b Mus4-0922.601 
990 |a MU 
991 |b 201205 
996 6 |b 2619462938  |c Mus4-0922.601  |l MZK  |r Sklad / do 1 hodiny  |n 0  |w 001246929  |u 000010  |a 1  |e BOA001  |j MZK50  |s P